000 00570nam a2200217Ia 4500
005 20260429112222.0
008 260429s9999||||xx |||||||||||||| ||und||
020 _a9789393631589
041 _aEnglish
082 _a121.0954
_bTOM
100 _aTomer, Harsh
245 0 _aIndian knowledge system :
_bstrategies and impacts /
_cHarsh Tomer
250 _a1st ed.
260 _aNew Delhi :
_bOxford Publishers,
_c2025.
300 _aix, 238 p.; hb
650 _a Epistemology
650 _a India
650 _a Knowledge
650 _aPhilosophy
942 _cTB
999 _c52950
_d52950